முன்பள்ளி சுகாதார மேம்பாபட்டு திட்டத்தை செற்படுத்துவதற்கான தேசிய வழிகாட்டல் இலங்கை.2025-2028.

Munpalli sugathara mwmpattu thittaththai...
Saved in:
Bibliographic Details
Format: Book
Language:Sinhalese
Published: கொழும்பு : சுகாதார மேம்பாட்டு பணியகம், சுகாதார அமைச்சு, 2025.
Tags: Add Tag
No Tags, Be the first to tag this record!

MARC

LEADER 00000nam a22000007a 4500
003 LK-CoNLD
005 20260311105355.0
008 260311b ||||| |||| 00| 0 sin d
017 |a 501888 
020 |a 9786246511234 
040 |a LK-CoNLD  |b TAM  |c LK-CoNLD  |d LK-CoNLD 
245 |6 880-1  |a முன்பள்ளி சுகாதார மேம்பாபட்டு திட்டத்தை செற்படுத்துவதற்கான தேசிய வழிகாட்டல் இலங்கை.2025-2028. 
260 |a கொழும்பு :  |b சுகாதார மேம்பாட்டு பணியகம், சுகாதார அமைச்சு,  |c 2025. 
300 |a ப. 74 ; 
500 |a [Rs. 74*18.20 = 1346.00] 
880 |6 245-1  |a Munpalli sugathara mwmpattu thittaththai... 
942 |c BOOK 
945 |a 22  |b Logeshwary RAMASAMY  |c 22  |d Logeshwary RAMASAMY 
999 |c 297934  |d 297934